| 000 | 00933nas a2200265 4500 | ||
|---|---|---|---|
| 001 | BR2014006587 | ||
| 003 | BR-BrBNA | ||
| 005 | 20231205124627.0 | ||
| 007 | ta | ||
| 008 | 230509b bl.|||p| |||| 00| 00por d | ||
| 040 |
_aBR-BrBNA _bpor _cBiblioteca Nacional de Agricultura |
||
| 041 | _a(Pt) | ||
| 072 | _aF40; P01 | ||
| 100 | 1 | _aMedeiros, P.S. de | |
| 100 | 1 | _aFerreira, L.V. | |
| 100 | 1 | _aCosta, A.C.L. da | |
| 245 | 1 | _aO impacto do estresse hídrico artificial na comunidade de samambaias e licófitas em um sub-bosque de floresta ombrófila na Amazônia oriental | |
| 650 | _aSAMAMBAIA | ||
| 650 | _aCONDIÇÃO AMBIENTAL | ||
| 650 | _aBIODIVERSIDADE | ||
| 650 | _aPRESERVAÇÃO DA NATUREZA | ||
| 773 | 0 |
_tBoletim do Museu Paraense Emílio Goeldi. Ciências Naturais (Brazil) _xISSN 1981-8114 _g(Jan-Apr 2014), v. 9(1) p. 223-230 _wBR2014006587 |
|
| 909 |
_a202311 _bLúcia _c55 _dLúcia Elande |
||
| 942 |
_2AGRIS _n0 _cANA |
||
| 999 |
_c240055 _d240055 |
||